|
|
|
|
| LEADER |
00000nam0a2200000 4500 |
| 001 |
351236 |
| 005 |
20231102010401.0 |
| 035 |
|
|
|a (RuTPU)RU\TPU\retro\6161
|
| 090 |
|
|
|a 351236
|
| 100 |
|
|
|a 20190521d1954 k y0rusy50 ca
|
| 101 |
0 |
|
|a rus
|
| 102 |
|
|
|a RU
|
| 105 |
|
|
|a y z 001zy
|
| 200 |
1 |
|
|a Теории прибавочной стоимости (IV том "Капитала")
|h Ч. 1
|f К. Маркс
|g Институт Маркса - Энгельса - Ленина (ИМЭЛ)
|
| 210 |
|
|
|a Москва
|c Госполитиздат
|d 1954
|
| 215 |
|
|
|a 439 с.
|
| 320 |
|
|
|a Указатель цитируемой и упоминаемой литературы: с. 422-428
|
| 320 |
|
|
|a Указатель важнейших русских переводов цитируемых Марксом книг: с. 429
|
| 320 |
|
|
|a Указатель имен: с. 430-433
|
| 606 |
1 |
|
|a Маркс К.
|x Отдельные произведения
|2 stltpush
|3 (RuTPU)RU\TPU\subj\41046
|9 60865
|
| 610 |
1 |
|
|a физиократы
|
| 610 |
1 |
|
|a производительный труд
|
| 610 |
1 |
|
|a Капитал
|
| 610 |
1 |
|
|a прибавочная стоимость
|
| 610 |
1 |
|
|a деньги
|
| 610 |
1 |
|
|a прибыль
|
| 610 |
1 |
|
|a трудовая деятельность
|
| 686 |
|
|
|a Ю3(0)6-602.136
|v LBC/SL-A
|2 rubbk
|
| 700 |
|
1 |
|a Маркс
|b К.
|c немецкий мыслитель
|c общественный деятель
|c основоположник марксизма
|f 1818-1883
|g Карл
|2 stltpush
|3 (RuTPU)RU\TPU\pers\297
|9 147
|
| 712 |
0 |
2 |
|a Институт Маркса - Энгельса - Ленина (ИМЭЛ)
|c (Москва)
|c (1931-1953)
|2 stltpush
|3 (RuTPU)RU\TPU\col\18490
|
| 801 |
|
1 |
|a RU
|b 63413507
|c 20190521
|
| 801 |
|
2 |
|a RU
|b 63413507
|c 20191212
|g RCR
|
| 942 |
|
|
|c BK
|